Search the Library Catalogue
| 000 -LEADER | |
|---|---|
| fixed length control field | 00671nam a2200205Ia 4500 |
| 008 - FIXED-LENGTH DATA ELEMENTS--GENERAL INFORMATION | |
| fixed length control field | 191130s2007##################000#0#eng## |
| 020 ## - INTERNATIONAL STANDARD BOOK NUMBER | |
| ISBN | 9780737733464 |
| 082 ## - DEWEY DECIMAL CLASSIFICATION NUMBER | |
| Classification number | 179.4 HAU |
| 245 ## - TITLE STATEMENT | |
| Title | Animal experimentation |
| Statement of responsibility, etc | David M. Haugen, book editor |
| 260 ## - PUBLICATION, DISTRIBUTION, ETC. (IMPRINT) | |
| Place of publication | Detroit |
| Name of publisher | Greenhaven Press |
| Year of publication | c2007 |
| 300 ## - PHYSICAL DESCRIPTION | |
| Number of Pages | 234 p. : ill. ; 23 cm |
| 500 ## - GENERAL NOTE | |
| General note | Includes bibliographical references (p. 221-224) and index |
| 650 ## - SUBJECT ADDED ENTRY--TOPICAL TERM | |
| Topical Term | Animal experimentation - Moral and ethical aspects |
| Topical Term | Animal experimentation - United States |
| 700 ## - ADDED ENTRY--PERSONAL NAME | |
| Personal name | Haugen, David M |
| 991 ## - | |
| -- | 281486 |
| Withdrawn status | Lost status | Damaged status | Not for loan | Home library | Current library | Shelving location | Date acquired | Full call number | Accession Number | Price effective from | Koha item type |
|---|---|---|---|---|---|---|---|---|---|---|---|
| Anna Centenary Library | Anna Centenary Library | 3RD FLOOR, A WING | 13.10.2020 | 179.4 HAU | 202753 | 13.10.2020 | English Books |